Konstruktive Methoden der konformen Abbildung.

Guardado en:
Autor Principal: Gaier, Dieter.
Formato: Libro
Idioma:German
Publicado: Berlin : Springer, 1964.
Series:Springer tracts in natural philosophy ; v. 3
Materias:
Etiquetas: Agregar Etiqueta
Sin Etiquetas, Sea el primero en etiquetar este registro!
LEADER 00629cam a22002051a 4500
001 MAT.inmabb005514
008 840131s1964####wb#a#####b####000#0#ger##
005 20170823150545.0
245 1 0 |a Konstruktive Methoden der konformen Abbildung. 
260 |a Berlin :  |b Springer,  |c 1964. 
300 |a xiii, 294 p. :  |b il. ;  |c 24 cm. 
440 0 |a Springer tracts in natural philosophy ;  |v v. 3 
504 |a Bibliografía: p. 265-290. 
510 4 |a MR,  |c 33 #7507 
100 1 |a Gaier, Dieter. 
650 0 |a Conformal mapping. 
084 |a 30.40  |2 MR 
010 |a  64019864  
040 |a DLC/ICU  |c ICU  |d DLC 
859 |h 30  |i G137  |p A-2680  |b BIB. MATEMATICA